Cane Nero /
Dicono che uno sguardo del Cane Nero scateni gli eventi più funesti. Così, quando si presenta fuori dalla casa degli Hope, tutti scappano impauriti. Tranne Small, la più piccola della famiglia, che riesce a portare l'animale alle giuste dimensioni, dimostrando a tutti che la paura, se sai come prend...
Bewaard in:
| Hoofdauteur: | |
|---|---|
| Andere auteurs: | |
| Formaat: | Boek |
| Taal: | Italiaans |
| Gepubliceerd in: |
Milano :
Terre di mezzo,
2013
|
| Tags: |
Geen labels, Wees de eerste die dit record labelt!
|
MARC
| LEADER | 00000nam a22000007i 4500 | ||
|---|---|---|---|
| 001 | IT\ICCU\MOD\1625344 | ||
| 003 | ItRI | ||
| 005 | 20260115232123.0 | ||
| 008 | 140107s2013 cc |||||| |||||1|||||c | ||
| 020 | |a 9788861892767 | ||
| 024 | 3 | 1 | |a 9788861892767 |b 1 rist., 2014 |
| 040 | |b ita |c importazione bologna sebina | ||
| 041 | 7 | |a ita |2 ISO-639-2 | |
| 100 | 1 | |a Pinfold, Levi |0 IT\ICCU\RMBV\276007 |4 aut | |
| 240 | 1 | 0 | |a Black dog |3 IT\ICCU\UBO\4053377 |9 Pinfold, Levi |
| 245 | 1 | 0 | |a Cane Nero / |c Levi Pinfold. |
| 260 | |a Milano : |b Terre di mezzo, |c 2013 | ||
| 300 | |a 1 volume (senza paginazione) : |b in gran parte ill. ; |c 29 cm | ||
| 500 | |a Traduzione: Sara Ragusa | ||
| 520 | |a Dicono che uno sguardo del Cane Nero scateni gli eventi più funesti. Così, quando si presenta fuori dalla casa degli Hope, tutti scappano impauriti. Tranne Small, la più piccola della famiglia, che riesce a portare l'animale alle giuste dimensioni, dimostrando a tutti che la paura, se sai come prenderla, non è poi così tremenda. Età di lettura: da 4 anni. | ||
| 700 | 1 | |a Ragusa, Sara |0 IT\ICCU\LO1V\358470 |4 trl | |
| 942 | |2 ddc |c BK |n 0 | ||
| 952 | |0 0 |1 0 |4 0 |6 R_823_920000000000000_PIN |7 0 |9 20401 |a BO |b BO |d 2026-01-15 |i 19460 |l 0 |o R 823.92 PIN |p BO19460 |r 2026-01-15 23:21:23 |w 2026-01-15 |x [Sebina 5] [1 v.] |y BK |z 1 v. | ||
| 999 | |c 17408 |d 17408 | ||